000 00702nam a2200217Ia 4500
003 GCL
008 140319s9999 xx 000 0 ara d
040 _aGCL /
_cGCL
082 0 4 _a015.09611
_bخ ا
100 1 _aخديجة الاصرم كمون
245 1 0 _aالابداع الادبى للمراة فى تونس :
_bبيبليوجرافيا 1956 - 1999 /
_cخديجة الاصرم كمون
260 _aتونس :
_bالكرديف ،
_c2000
300 _aمتعدد ؛
_c18 سم
490 _a
650 0 4 _aالادب
650 0 4 _aالمرأة
650 0 4 _aالقصص
650 0 4 _aالببليوجرافيا
650 0 4 _aالمرأة - الببليوجرافيا
942 _2ddc
_cBK
999 _c39516
_d39516